|
|
|
|
| LEADER |
00000cam a22000004a 4500 |
| 001 |
musev2_11399 |
| 003 |
MdBmJHUP |
| 005 |
20230905041300.0 |
| 006 |
m o d |
| 007 |
cr||||||||nn|n |
| 008 |
060426s2007 gau o 00 0 eng d |
| 010 |
|
|
|z 2006014019
|
| 020 |
|
|
|a 9780820338972
|
| 020 |
|
|
|z 9780820328638
|
| 020 |
|
|
|z 9780820328713
|
| 035 |
|
|
|a (OCoLC)692327506
|
| 040 |
|
|
|a MdBmJHUP
|c MdBmJHUP
|
| 043 |
|
|
|a n-us-va
|
| 050 |
0 |
4 |
|a F234.S15
|b C76 2007
|
| 082 |
0 |
|
|a 975.5/743
|2 22
|
| 100 |
1 |
|
|a Crow, Peter,
|d 1942-
|
| 245 |
1 |
0 |
|a Do, Die, or Get Along :
|b A Tale of Two Appalachian Towns /
|c Peter Crow.
|
| 264 |
|
1 |
|a Athens :
|b University of Georgia Press,
|c 2007.
|
| 264 |
|
3 |
|a Baltimore, Md. :
|b Project MUSE,
|c 2012
|
| 264 |
|
4 |
|c ©2007.
|
| 300 |
|
|
|a 1 online resource (248 pages):
|b ill., map ;
|
| 336 |
|
|
|a text
|b txt
|2 rdacontent
|
| 337 |
|
|
|a computer
|b c
|2 rdamedia
|
| 338 |
|
|
|a online resource
|b cr
|2 rdacarrier
|
| 504 |
|
|
|a Includes bibliographical references (p. 197-208) and index.
|
| 505 |
0 |
|
|a Frontier times -- Incorporated town: early years -- Company town: early years -- Immigrant labor -- Wild times in St. Paul -- Civility in St. Paul -- Great Depression and Dante -- Race relations in Dante -- Unionization -- The two towns interfacing, diverging -- Mining safety -- The Strip Mine Act of 1977 -- Regional planning and river politics -- Company town with no company -- The Pittston Strike of 1989-90 -- Changing attitudes -- Women, conservationists, and the economy -- Education and youth -- Changing strategy for regional renewal -- No-company town fights on.
|
| 588 |
|
|
|a Description based on print version record.
|
| 651 |
|
0 |
|a Dante (Va.)
|x Social conditions.
|
| 651 |
|
0 |
|a Saint Paul (Va.)
|x Social conditions.
|
| 651 |
|
0 |
|a Dante (Va.)
|v Biography.
|
| 651 |
|
0 |
|a Saint Paul (Va.)
|v Biography.
|
| 650 |
|
0 |
|a Company towns
|z Virginia
|v Case studies.
|
| 650 |
|
0 |
|a Coal mines and mining
|z Virginia
|z Dante
|x History.
|
| 650 |
|
0 |
|a Coal mines and mining
|z Virginia
|z Saint Paul
|x History.
|
| 650 |
|
0 |
|a Community life
|z Virginia
|z Dante.
|
| 650 |
|
0 |
|a Community life
|z Virginia
|z Saint Paul.
|
| 650 |
|
0 |
|a Oral history.
|
| 655 |
|
7 |
|a Electronic books.
|2 local
|
| 710 |
2 |
|
|a Project Muse.
|e distributor
|
| 830 |
|
0 |
|a Book collections on Project MUSE.
|
| 856 |
4 |
0 |
|z Texto completo
|u https://projectmuse.uam.elogim.com/book/11399/
|
| 945 |
|
|
|a Project MUSE - Custom Collection
|
| 945 |
|
|
|a Project MUSE - Archive Complete Foundation
|
| 945 |
|
|
|a Project MUSE - Archive US Regional Studies, South Foundation
|